Keď Duch Svätý píše môj život /
Uložené v:
| Hlavný autor: | |
|---|---|
| Ďalší autori: | |
| Médium: | Kniha |
| Jazyk: | Slovak |
| Vydané: |
Veľký Lapáš :
Per Immaculatam,
2005
|
| Vydanie: | 1. vyd. |
| Témy: | |
| ISBN: |
8096885448 (brož.) |
| Fyzický popis: |
246 s. ; 21 cm |
| Tagy: |
Pridať tag
Žiadne tagy, Buďte prvý kto otaguje tento záznam!
|
Titul je dostupný aj v ... 

MARC
| LEADER | 00000nam a2200000 a 4500 | ||
|---|---|---|---|
| 001 | 000014065 | ||
| 005 | 20050926105320.0 | ||
| 008 | 050804s2005 xo e 000 0 sloo | ||
| 020 | |a 8096885448 (brož.) | ||
| 040 | |a SVKKK |b slo |c SVKKK |e AACR2 | ||
| 041 | 0 | |a slo | |
| 044 | |a xo |c SK | ||
| 072 | 7 | |a 27-1/-2 |x Kresťanská teológia. Dogmatická teológia |2 konspekt | |
| 080 | |a 27-144.896 |2 1997 | ||
| 080 | |a (035) |2 1997 | ||
| 100 | 1 | |a Vella, Elias |4 aut | |
| 245 | 1 | 0 | |a Keď Duch Svätý píše môj život / |c Elias Vella ; [preložila a zostavila Alžbeta Šuplatová] |
| 250 | |a 1. vyd. | ||
| 260 | |a Veľký Lapáš : |b Per Immaculatam, |c 2005 | ||
| 300 | |a 246 s. ; |c 21 cm | ||
| 500 | |a Údaj o prekl. prevzatý z tiráže | ||
| 650 | 0 | 7 | |a Svätý Duch |2 SVKKKPH |
| 655 | 7 | |a príručky |2 SVKKKPH | |
| 700 | 1 | |a Šuplatová, Alžbeta |4 com |4 trl | |
| 919 | |a 80-968854-4-8 | ||
| 998 | |a BK | ||
| 090 | |g SCKHL |k Sklad Pribinova 2. posch. |a III.200229 |j 970957 |i 2720037309 |s Absenčne | ||